| 000 | 00427 a2200157 4500 | ||
|---|---|---|---|
| 999 |
_c320937 _d320937 |
||
| 001 | 85864 | ||
| 003 | NUST | ||
| 005 | 20180121120706.0 | ||
| 008 | 180121b xxu||||| |||| 00| 0 eng d | ||
| 020 | _a0813319153 | ||
| 082 | _a330.99 DIR | ||
| 100 |
_aArif Dirlik _99347 |
||
| 245 |
_aWhat is in a rim? : critical perspectives on the Pacific Region idea _hEnglish |
||
| 250 | _a1st | ||
| 260 |
_aBoulder _bWestview Press _c1993 |
||
| 300 | _aix, 341 p. | ||
| 500 | _aGifted By AM Masood Akhtar | ||
| 942 |
_acaenust _cBK _k330.99 DIR _2ddc |
||